Quick Pick: AL Teams by Last MVP Quiz Stats

 Plays Quiz Updated Dec 18, 2017

Score 0/14 Timer 01:00
0 Plays Today
% Correct
Orioles
89.8%
Angels
89.7%
Mariners
89.4%
Yankees
88.2%
Red Sox
86.8%
Twins
86.1%
Tigers
85.8%
% Correct
Rangers
85.5%
Royals
85.5%
Astros
84.7%
White Sox
84.7%
Blue Jays
80.7%
Indians
73.8%
Athletics
65.7%

Today's Daily Dose

Word Ladder
In Hot 'Water'

Quick Pick
Opera Composers

Get the Picture
The Office Accountants

You're not logged in!

Compare scores with friends on all Sporcle quizzes.
OR
Log In

Show Comments

Extras

Top Quizzes Today


Score Distribution

Your Account Isn't Verified!

In order to create a playlist on Sporcle, you need to verify the email address you used during registration. Go to your Sporcle Settings to finish the process.

Report this User

Report this user for behavior that violates our Community Guidelines.

Details: